Čoko & Keks. Hlava plná neplech /

Hlavní autor: Kolb, Suza
Další autoři: Dulleck, Nina, 1975-, Kudělková, Jana
Jazyk: Čeština
Vydáno: Praha : Mladá fronta, 2017
Vydání: První vydání
Témata:
Fyzický popis: 131 stran : barevné ilustrace ; 22 cm
Knihy
Uloženo v:
LEADER 01759cam a2200505 i 4500
001 nkc20172895513
003 CZ PrNK
005 20170720154629.0
007 ta
008 170424s2017 xr a b 000 j cze d
015 |a cnb002895513 
020 |a 978-80-204-4313-7  |q (vázáno) 
035 |a (OCoLC)1000491958 
040 |a KLG001  |b cze  |d OLA001  |e rda 
041 1 |a cze  |h ger 
072 7 |a 821.112.2-3  |x Německá próza, německy psaná  |2 Konspekt  |9 25 
072 7 |a 821-93  |x Literatura pro děti a mládež (beletrie)  |2 Konspekt  |9 26 
080 |a 821.112.2-32  |2 MRF 
080 |a 821-93  |2 MRF 
080 |a (0:82-32)  |2 MRF 
100 1 |a Kolb, Suza  |7 xx0212932  |4 aut 
240 1 0 |a Flausen im Schopf.  |l Česky 
245 1 0 |a Čoko & Keks.  |p Hlava plná neplech /  |c Suza Kolbová ; ilustrovala Nina Dullecková ; přeložila Jana Kudělková 
246 3 |a Čoko a Keks 
246 3 0 |a Hlava plná neplech 
250 |a První vydání 
264 1 |a Praha :  |b Mladá fronta,  |c 2017 
300 |a 131 stran :  |b barevné ilustrace ;  |c 22 cm 
336 |a text  |b txt  |2 rdacontent 
337 |a bez média  |b n  |2 rdamedia 
338 |a svazek  |b nc  |2 rdacarrier 
500 |a Přeloženo z němčiny 
521 8 |a Pro děti od 8 let 
655 7 |a německé příběhy  |7 fd132944  |2 czenas 
655 7 |a publikace pro děti  |7 fd133156  |2 czenas 
655 9 |a German stories  |2 eczenas 
655 9 |a children's literature  |2 eczenas 
700 1 |a Dulleck, Nina,  |d 1975-  |7 pna2012687066  |4 ill 
700 1 |a Kudělková, Jana  |7 jn20001227741  |4 trl 
910 2 |a BOA001  |b 2-1390.621 
920 |a 1129434  |z KLG001 
990 |a BK 
995 |a 01 
991 |b 201706  |c NOV 
996 6 |b 2610710915  |c 2-1390.621  |l MZK  |r Sklad / do 1 hodiny  |n 0  |p p.v.  |w 001616537  |u 000010  |a 1  |e BOA001  |j MZK50  |s P